000 00996nam0a22002291 4500
001 rc\2872792
005 20250529212036.0
035 _a(NLR Aleph) 007026054
090 _a5956347
_c5956347
100 _a20110715d1932 |||y0rusy50 ca
101 0 _arus
102 _aRU
105 _ay z |||||
200 1 _aСборник трудов
_eТ. 1-
_fВоронежский гос. мед. ин-т. Воронежск. завод синтетического каучука им. С.М. Кирова
210 _aВоронеж
_cБ. и.
_d1932
300 _aПеречень имеющихся в библиотеке томов, номеров, годов этого издания смотри в каталоге периодических изданий
710 0 2 _aВоронежский медицинский институт им. Н.Н. Бурденко
801 0 _aRU
_bNLR
_gpsbo
801 1 _aRU
_bELAR
_2rusmarc
852 _aNLR
_jШифры разные
942 _cBOOK
980 _aNB